Statistics for F.R.I.E.N.D.S. Season Two

Click here to take the quiz!

General Stats

  • This quiz has been taken 625 times
  • The average score is 6 of 15

Answer Stats

HintAnswer% Correct
Chandler and Ross encounter two bullies in Central Perk. One of them steals something of Chandlers. What is it?His Hat
82%
What is the name of Chandler's new room mate who moves in after Joey gets his own place?Eddie
71%
What is the name of the guy Rachel starts dating who has an uncanny resemblance to Ross?Russ
69%
Who plays Dr. Richard Burke?Tom Sellec
57%
How does Dr. Drake Ramoray die?Falls Down an Elevator Shaft
54%
Whose wedding occurs in the last episode of Season Two?Barry and Mindy's
45%
What actor do Monica and Rachel meet on a movie set?Jean-Claude Van Damme
38%
What is the magazine called that Joey does an interview with which results in him being fired from Days Of Our Lives?Soap Opera Digest
35%
What is the first episode of Season Two called?The One With Ross's New Girlfriend
27%
What does Ross have an allergic reaction to in "The One With The Baby On The Bus"?Kiwi-Lime Pie
26%
"The cow in the meadow goes moo, the cow in the meadow goes moo, then the farmer hits him on the head and grinds him up and _____ ___ __ ___ __________."that's how we get hamburgers.
26%
A character called Rose Adelman dies in episode 11. Who is this person?Phoebe's Massage Client
22%
What is the diner called that Monica ends up working at after losing her savings playing the stock market?Moondance Diner
20%
What does Chandler hire Monica to be?His Personal Trainer
16%
When Ross has to decide between Rachel and Julie, Phoebe sings a song about them but disguises their names. What names does she use in the song?Betty, Neil and Luly
1%

Score Distribution

Percentile by Number Answered

Percent of People with Each Score

Your Score History

You have not taken this quiz